Statistics for Notable Dead People A-Z

Click here to take the quiz!

General Stats

  • This quiz has been taken 70 times
  • The average score is 15 of 24

Answer Stats

LetterHintAnswer% Correct
EMade many developments in physics, born in GermanyAlbert Einstein
97%
FJewish girl from Amsterdam, famous for her diaryAnne Frank
95%
CBritish prime minister who said, "Never, never, never give upWinston Churchill
94%
GIndian revolutionary, first name means, "Great-soul," in SanskritMahatma Gandhi
89%
NEnglish physicist who discovered the laws of gravity when an apple supposedly dropped onto his headIsaac Newton
88%
JPop star famous for his red jacket, singular glove, and the MoonwalkMichael Jackson
88%
VDutch painter who cut his ear offVincent Van Gogh
81%
PAncient Greek philosopher who's teacher was Socrates and student was AristotlePlato
80%
HOne of the founding fathers of the United States, the subject of a
musical play
Alexander Hamilton
73%
BA South American nation and a South American currency are named
after this freedom fighter
Simon Bolivar
72%
RInventor of a popular candy with chocolate and peanut butterHarry Burnett Reese
70%
YWelsh merchant and philanthropist who is the namesake of an Ivy League universityElihu Yale
67%
WA comedian and actor who played in movies such as Mrs. Doubtfire,
Jumangi, and the Night at the Museum trilogy
Robin Williams
67%
OJFK's assassinLee Harvey Oswald
66%
DSerial killer cannibal that is sometimes known as the Milwaukee MonsterJeffrey Dahmer
63%
ASoviet Science-Fiction writer and author of I, RobotIsaac Asimov
48%
KInventor of what is commonly known as the AK-47 rifleMikhail Kalashnikov
48%
TU.S. president who was born in Cleveland and the successor of Theodore RooseveltWilliam Howard Taft
47%
IFounder of North KoreaKim Il-sung
41%
LPlayed Count Dracula in the 1931 classic, DraculaBela Lugosi
31%
XCatholic missionary who co-founded the Society of Jesus, known
to magically heal the dead or the severely injured
St. Francis Xavier
31%
SServed as a captain of many vessels, including the RMS TitanicEdward Smith
30%
ZInventor of the auxiliary language, Esperanto, lived in WarsawLudwik Lejzer Zamenhof
8%
MScottish trickster known for his ploy to draw investors to a fictional Central American country called PoyaisGregor Macgregor
3%

Score Distribution

Percentile by Number Answered

Percent of People with Each Score

Your Score History

You have not taken this quiz